000 00360 a2200169 4500
001 182191
020 _a85-7666-517-4
040 _cMagnum
100 _aMacedo, Joaquim Manuel de
240 1 0 _aA moreninha
_lpor
245 1 0 _aA moreninha
300 _a159
362 0 _a2006
440 1 _aEscala Educacional
697 _aLITERATURA GERAL
942 _cBK
999 _c182191
_d182191